STRATEGIC MARKET MANAGEMENT GLOBAL PERSP (Record no. 24110)

MARC details
000 -LEADER
fixed length control field 00324nam a2200121Ia 4500
008 - FIXED-LENGTH DATA ELEMENTS--GENERAL INFORMATION
fixed length control field 240624s9999 xx 000 0 und d
041 ## - LANGUAGE CODE
Language code of text/sound track or separate title eng
082 ## - DEWEY DECIMAL CLASSIFICATION NUMBER
Classification number 658.8 AAK
100 ## - MAIN ENTRY--PERSONAL NAME
Personal name AAKER DAVID A
245 ## - TITLE STATEMENT
Title STRATEGIC MARKET MANAGEMENT GLOBAL PERSP
260 ## - PUBLICATION, DISTRIBUTION, ETC.
Date of publication, distribution, etc. 2014
Place of publication, distribution, etc. New Delhi
Name of publisher, distributor, etc. Wiley
300 ## - PHYSICAL DESCRIPTION
Extent xiii, : 354 : p. : cm. ; 22
Holdings
Withdrawn status Lost status Damaged status Not for loan Home library Current library Shelving location Date acquired Full call number Barcode Date last seen Price effective from Koha item type
Store Books       IMTN IMTN Rack 33-B 04/24/2015 658.8 AAK 24110 06/24/2024 06/24/2024 Books
Designed & Maintained by: LRC IMT Nagpur Contact: lrc@imtnag.ac.in© 2024. All Rights Reserved.